000 01961nam0a2200445 4500
001 RU\NLR\bibl\455111
005 20260304171625.0
010 _a5-88453-002-1
_91000
021 _aRU
_b2003-50810
_92456
035 _a(NLR Aleph) 000448653
090 _a859713
_c859713
100 _a20031104d2003 u y0rusy50 ca
101 0 _arus
102 _aRU
105 _ay |||||||||
135 _acrmn mmmanaba
200 1 _aОрокско-русский и русско-орокский словарь
_fОзолиня Л.В., Федяева И.Я.
_gОтд. нац. политики Аппарата администрации Сахал. обл., [Федер. целевая прогр. "Культура России"]
210 _aЮжно-Сахалинск
_cКн. изд-во
_d2003
215 _a294,[1] с.
_d21
325 _aКопия доступна в Электрон. б-ке РНБ
606 0 _aОрокский язык
_xСловари
_xРусский язык
_92255810
_3RU\NLR\auth\661352846
606 0 _aРусский язык
_xСловари
_xОрокский язык
_92316574
_3RU\NLR\auth\661386115
686 _aШ165.23-483
686 _aШ141.12-483
700 1 _aОзолиня
_bЛ. В.
_gЛариса Викторовна
_4070
701 1 _aФедяева
_bИ. Я.
_gИрина Яковлевна
_4070
801 0 _aRU
_bNLR
_c20031104
_gPSBO
801 1 _aRU
_bNLR
_c20031104
830 _aАвт. по кн.
852 _aNLR
_bОНЛ
_jОрок./3-1
856 0 _uhttps://vivaldi.nlr.ru/bx000039829/view
856 1 _uhttps://vivaldi.nlr.ru/bx000039829/cover
856 2 _uhttps://vivaldi.nlr.ru/bx000039829/text
942 _cUNSPEC
980 _aNB
981 2 3 _a(23) Национальные литературы
_b(23) Книги на национальных языках